[Event "70th POL-ch (w)"]
[Site "Warszawa POL"]
[Date "2018.05.12"]
[Round "1"]
[White "Kulon, Klaudia"]
[Black "Zawadzka, Jolanta"]
[Result "1/2-1/2"]
[WhiteElo "2353"]
[BlackElo "2424"]
[EventDate "2018.05.12"]
[PlyCount "221"]

1.e4 e5 2.Nf3 Nf6 3.Nxe5 d6 4.Nf3 Nxe4 5.Nc3 Nxc3 6.dxc3 Be7 7.Bf4 O-O 8.
Qd2 Nd7 9.O-O-O Nc5 10.Be3 c6 11.Nd4 Re8 12.f3 Bf6 13.g4 Bxg4 14.fxg4 Rxe3
15.h4 Re8 16.Nf5 Qa5 17.Bc4 d5 18.Bb3 Ne4 19.Qf4 Be5 20.Qf3 b5 21.Rhf1 Qc7
22.Rxd5 cxd5 23.Bxd5 Rad8 24.Bxe4 Qc4 25.Kb1 Bf6 26.Bd3 Qd5 27.Qf2 a6 28.
a3 Rd7 29.g5 Bd8 30.Qf4 Qe5 31.Qg4 Rc7 32.a4 g6 33.Nh6+ Kg7 34.axb5 axb5 
35.Qb4 Ra7 36.Qd4 Qxd4 37.cxd4 f6 38.Ng4 fxg5 39.hxg5 Bxg5 40.Bxb5 Re4 41.
Ne5 Bf6 42.Bd3 Rh4 43.Nc6 Rb7 44.c3 Rh3 45.Rd1 Rb6 46.Na5 h5 47.b4 h4 48.
Kc2 Rg3 49.Nc4 Rb8 50.Nd6 h3 51.b5 h2 52.Rh1 Rg2+ 53.Kb3 Rd2 54.Be4 Be7 
55.Nc4 Rf2 56.Bc6 g5 57.Re1 Bf6 58.Ne3 Rf4 59.Rh1 Rh8 60.b6 g4 61.b7 g3 
62.Ra1 Bg5 63.Ra8 h1=Q 64.Bxh1 Rxh1 65.Rg8+ Kf7 66.Rxg5 Rb1+ 67.Kc2 Rxb7 
68.Rxg3 Rf2+ 69.Kd3 Rbb2 70.Nc4 Rb1 71.Ne5+ Ke6 72.Re3 Rd1+ 73.Kc4 Kd6 74.
Rh3 Rf6 75.Rh7 Ke6 76.Nd3 Kd6 77.Nc5 Rf5 78.Rh6+ Kc7 79.Na6+ Kb7 80.Nb4 
Rf3 81.Nd5 Rc1 82.Kb4 Rd1 83.Kc5 Rg3 84.Rh7+ Kb8 85.c4 Rg5 86.Rf7 Rh5 87.
Kb6 Rb1+ 88.Kc6 Rh6+ 89.Rf6 Rxf6+ 90.Nxf6 Rh1 91.Nd7+ Kc8 92.Nb6+ Kd8 93.
d5 Rc1 94.d6 Rc2 95.c5 Rc1 96.Nd5 Rb1 97.Nc3 Rc1 98.Nb5 Rc2 99.Nd4 Rd2 
100.Kd5 Rd1 101.c6 Kc8 102.Kc5 Rc1+ 103.Kb6 Rb1+ 104.Nb5 Rb2 105.d7+ Kd8 
106.Ka6 Rb1 107.Ka5 Ra1+ 108.Kb6 Rb1 109.Ka6 Rb2 110.Nd4 Kc7 111.Nb5+ 
1/2-1/2

[Event "70th POL-ch (w)"]
[Site "Warszawa POL"]
[Date "2018.05.19"]
[Round "8"]
[White "Kubicka, Anna"]
[Black "Rajlich, Iweta"]
[Result "0-1"]
[WhiteElo "2219"]
[BlackElo "2389"]
[EventDate "2018.05.12"]
[PlyCount "94"]

1.c4 c5 2.Nc3 Nc6 3.g3 g6 4.Bg2 Bg7 5.e3 d6 6.Nge2 Bd7 7.O-O Nf6 8.d4 a6 
9.b3 Rb8 10.Bb2 cxd4 11.Nxd4 Nxd4 12.Qxd4 O-O 13.Nd5 Ne8 14.Qd2 Bxb2 15.
Qxb2 e6 16.Nc3 b5 17.cxb5 axb5 18.Rfd1 f5 19.Rac1 Qf6 20.Qd2 g5 21.Ne2 h5 
22.Qd4 Qxd4 23.Nxd4 d5 24.Rc5 Nf6 25.Ra1 b4 26.a4 bxa3 27.Rxa3 Rfc8 28.
Rxc8+ Rxc8 29.Ra1 g4 30.b4 Kf7 31.Rb1 Rb8 32.Rb2 Ke7 33.Bf1 e5 34.Nc2 Ne4 
35.Ne1 Kd6 36.Bg2 Bb5 37.Bxe4 fxe4 38.Kg2 Ra8 39.Rb1 Ra2 40.Kg1 d4 41.exd4
exd4 42.Ng2 d3 43.Ne3 Re2 44.Kg2 Ke6 45.Rf1 d2 46.Nc2 d1=Q 47.Rxd1 Rxc2 
0-1

[Event "70th POL-ch (w)"]
[Site "Warszawa POL"]
[Date "2018.05.20"]
[Round "10"]
[White "Warakomska, Anna"]
[Black "Zawadzka, Jolanta"]
[Result "0-1"]
[WhiteElo "2295"]
[BlackElo "2424"]
[EventDate "2018.05.12"]
[PlyCount "94"]

1.d4 d5 2.Bf4 Nf6 3.e3 e6 4.Nd2 c5 5.c3 Nc6 6.Ngf3 Bd6 7.Bg3 Bxg3 8.hxg3 
Qd6 9.Bb5 Bd7 10.O-O O-O 11.Qe2 a6 12.dxc5 Qxc5 13.Bd3 e5 14.e4 Bg4 15.
exd5 Qxd5 16.Ne4 Qe6 17.Rfe1 Bxf3 18.Qxf3 Nxe4 19.Qxe4 g6 20.Bc4 Qf6 21.
Bd5 Rfe8 22.Rad1 Rac8 23.Rd3 Rc7 24.Red1 Kg7 25.Bb3 Ree7 26.Rd6 Qg5 27.Qd5
Qg4 28.Bc2 e4 29.Re1 e3 30.Qf3 exf2+ 31.Kxf2 Qg5 32.Rd5 Ne5 33.Qd1 Ng4+ 
34.Kf3 Ne5+ 35.Kf2 h5 36.Qd4 f6 37.Kf1 Qxg3 38.Rd8 Rcd7 39.Rxd7 Rxd7 40.
Qe4 b5 41.Re3 Qg5 42.Re2 Qc1+ 43.Re1 Qxb2 44.Bb3 Qxc3 45.Qa8 Qd3+ 46.Kg1 
Qd4+ 47.Kh1 Qh4+ 0-1

[Event "70th POL-ch (w)"]
[Site "Warszawa POL"]
[Date "2018.05.20"]
[Round "11"]
[White "Zawadzka, Jolanta"]
[Black "Warakomska, Anna"]
[Result "1/2-1/2"]
[WhiteElo "2424"]
[BlackElo "2295"]
[EventDate "2018.05.12"]
[PlyCount "90"]

1.e4 c5 2.Nf3 e6 3.d4 cxd4 4.Nxd4 Nc6 5.Nb5 d6 6.c4 a6 7.N5c3 Nf6 8.Be2 
Be7 9.O-O O-O 10.Be3 b6 11.Na3 Bb7 12.f3 Ne5 13.Rc1 d5 14.cxd5 exd5 15.
exd5 b5 16.Nc2 b4 17.Ne4 Nxd5 18.Bd4 Nc6 19.Bf2 Qa5 20.Nd4 Nxd4 21.Qxd4 
Rfd8 22.Qe5 Bf8 23.Bc4 Re8 24.Qf5 h6 25.Bd4 Qd8 26.Rfd1 Qc8 27.Qh5 Qe6 28.
Bxg7 Bxg7 29.Bxd5 Bxd5 30.Rxd5 Bxb2 31.Rcd1 Bg7 32.h3 a5 33.R1d2 a4 34.Rd6
Qc4 35.Qg4 Kh8 36.Qh5 Qc1+ 37.Rd1 Qb2 38.Rxh6+ Kg8 39.Ng5 Qxa2 40.Rh8+ 
Bxh8 41.Qh7+ Kf8 42.Qxh8+ Ke7 43.Qe5+ Kf8 44.Qh8+ Ke7 45.Qe5+ Kf8 1/2-1/2